00498nam a2200121Ia 4500008004100000100002000041245014200061245007800203260000900281300001000290650001300300856006300313170221s9999 xx 000 0 und d aAndreas Hoepner 4aThe Effects of Corporate and Country Sustainability Characteristics on The Cost of Debt: An International Investigation (pages 158–190) cAndreas Hoepner, Ioannis Oikonomou, Bert Scholtens and Michael Schröder c2015 a4 : 5 xBusiness uhttp://onlinelibrary.wiley.com/doi/10.1111/jbfa.12183/epdf